000
00245nam a2200085Ia 4500
245
0
_a
The toy breaker
100
_a
Chester, R. , 1936- Leicester, 2009 1st large print ed
_9
86383
942
_c
BK
008
210817s9999 xx 000 0 und d
999
_c
329972
_d
329971